| 000 | 01380nam a2200241Ia 4500 | ||
|---|---|---|---|
| 003 | Ost | ||
| 005 | 20260507075356.0 | ||
| 008 | 260507s9999||||xx |||||||||||||| ||und|| | ||
| 020 | _a60559199579 | ||
| 040 | _cfsecg | ||
| 041 | _aara | ||
| 082 | _a330 | ||
| 100 |
_aبني هاني، عبد الرزاق حسين علي _eمؤلف |
||
| 245 | 0 |
_aمبادئ الإقتصاد الجزئي / _c عبد الرزاق حسين علي بني هاني |
|
| 260 |
_aعمان: _bدار وائل للنشر والتوزيع, _c2013 |
||
| 300 |
_a384 صفحة؛ _bإيضاحات ؛ _c27 سم |
||
| 504 | _aمعجم المصطلحات الإقتصادية والاسماء والأفكار المتصلة بها ص.369 | ||
| 520 | _aنظرية الطلب والعرض- المرونة- نظرية المنفعة وتوازن المستهلك- المنشأة وكلفة الإنتاج- المنشأة في السوق التنافسية- المنشأة في سوق الإحتكار- المنافسة غير التامة- احتكار القلة- توظيف عوامل الإنتاج- احتكار الشراء- احتكار القلة في الشراء- تحديد سعر مدخل الانتاج- موضوعات مختارة في الإقتصاد الجزئي | ||
| 653 | _aالأسواق | ||
| 653 | _aالإقتصاد | ||
| 653 | _aالإقتصاد الجزئي | ||
| 942 | _cكتاب | ||
| 999 |
_c44221 _d44221 |
||